[Event "Solingen Karneval op"]
[Site "Solingen"]
[Date "2017.02.26"]
[Round "4"]
[White "Coenen, Siegfried"]
[Black "Tanz, Manfred"]
[Result "0-1"]
[WhiteElo "1982"]
[BlackElo "1629"]
[PlyCount "80"]
[EventDate "2017.02.24"]
[EventType "swiss"]
[EventRounds "5"]
[EventCountry "GER"]
[SourceTitle "EXT 2018"]
[Source "ChessBase"]
[SourceDate "2017.10.13"]
[SourceVersion "1"]
[SourceVersionDate "2017.10.13"]
[SourceQuality "1"]

1. e4 c5 2. Nf3 Nc6 3. c3 d6 4. Bc4 e6 5. 0-0 Nf6 6. Re1 Be7 7. Bb5 0-0 8. d4 d5 9. e5 Ne8 10. a3 a6 11. Bd3 c4 12. Bc2 f5 13. exf6 Bxf6 14. Bf4 Nc7 15. Nbd2 Qe7 16. Nxc4 dxc4 17. Qe2 Nd8 18. Qxc4 Nd5 19. Bg3 Qf7 20. Qd3 g6 21. c4 Ne7 22. Bd6 Ndc6 23. d5 exd5 24. cxd5 Bf5 25. Qd2 Bxc2 26. dxc6 bxc6 27. Qxc2 Rfe8 28. Re2 Nf5 29. Qxc6 Nxd6 30. Rxe8+ Rxe8 31. Qxd6 Bxb2 32. Rd1 Bf6 33. Qxa6 Qb3 34. Rc1 Qb2 35. Qc6 Re7 36. a4 Kg7 37. g3 Re2 38. Rf1 Qb3 39. Qd7+ Re7 40. Qd5 Qxd5 0-1

[Event "Solingen Karneval op"]
[Site "Solingen"]
[Date "2017.02.25"]
[Round "3"]
[White "Foth, Stefan"]
[Black "Tanz, Manfred"]
[Result "1-0"]
[WhiteElo "1735"]
[BlackElo "1629"]
[PlyCount "59"]
[EventDate "2017.02.24"]
[EventType "swiss"]
[EventRounds "5"]
[EventCountry "GER"]
[SourceTitle "EXT 2018"]
[Source "ChessBase"]
[SourceDate "2017.10.13"]
[SourceVersion "1"]
[SourceVersionDate "2017.10.13"]
[SourceQuality "1"]

1. f4 e5 2. e4 d6 3. Nf3 Nc6 4. Bc4 h6 5. 0-0 exf4 6. d4 g5 7. Nc3 g4 8. Ne1 Bg7 9. Bxf4 Bxd4+ 10. Kh1 Nf6 11. Nd5 Nxe4 12. c3 Nf2+ 13. Rxf2 Bxf2 14. Qe2+ Be6 15. Qxf2 Ne5 16. Bxe5 dxe5 17. Nf6+ Ke7 18. Be2 b6 19. Rd1 Qc8 20. Nd3 e4 21. Nxe4 f5 22. Qh4+ Ke8 23. Nf6+ Kf8 24. Ne5 Bf7 25. Nfd7+ Kg8 26. Nxf7 Kxf7 27. Qf6+ Ke8 28. Qxh8+ Ke7 29. Qf6+ Ke8 30. Qf8# 1-0

[Event "Solingen Karneval op"]
[Site "Solingen"]
[Date "2017.02.24"]
[Round "1"]
[White "Luebeck, Stephan"]
[Black "Tanz, Manfred"]
[Result "1-0"]
[WhiteElo "1988"]
[BlackElo "1629"]
[PlyCount "43"]
[EventDate "2017.02.24"]
[EventType "swiss"]
[EventRounds "5"]
[EventCountry "GER"]
[SourceTitle "EXT 2018"]
[Source "ChessBase"]
[SourceDate "2017.10.13"]
[SourceVersion "1"]
[SourceVersionDate "2017.10.13"]
[SourceQuality "1"]

1. d4 d5 2. Nf3 Nf6 3. Bg5 e6 4. e3 Be7 5. Nbd2 0-0 6. Bd3 c5 7. c3 c4 8. Bc2 a6 9. 0-0 b5 10. Ne5 Bb7 11. f4 Ne4 12. Bxe7 Qxe7 13. Rf3 f5 14. Rh3 Nxd2 15. Qxd2 Rf6 16. g4 Rh6 17. Rxh6 gxh6 18. gxf5 Qg7+ 19. Kh1 Qf6 20. Rg1+ Kf8 21. Qg2 Ke7 22. Qg7+ 1-0

[Event "Goch op 27th"]
[Site "Goch"]
[Date "2016.09.03"]
[Round "5"]
[White "Tanz, Manfred"]
[Black "Avis, Fred"]
[Result "0-1"]
[WhiteElo "1596"]
[BlackElo "1909"]
[PlyCount "30"]
[EventDate "2016.09.01"]
[EventType "swiss"]
[EventRounds "7"]
[EventCountry "GER"]
[SourceTitle "EXT 2018"]
[Source "ChessBase"]
[SourceDate "2017.10.13"]
[SourceVersion "1"]
[SourceVersionDate "2017.10.13"]
[SourceQuality "1"]

1. g4 d5 2. e3 e5 3. Bg2 Nc6 4. h3 h5 5. c4 Nb4 6. Qb3 dxc4 7. Qxc4 Nd3+ 8. Ke2 Nxc1+ 9. Qxc1 hxg4 10. hxg4 Bxg4+ 11. f3 Rxh1 12. Bxh1 Bf5 13. Nc3 Bd3+ 14. Kd1 Qh4 15. Nce2 Qf2 0-1

[Event "Goch op 27th"]
[Site "Goch"]
[Date "2016.09.01"]
[Round "1"]
[White "Tanz, Manfred"]
[Black "Schmidt, Kai Uwe"]
[Result "0-1"]
[WhiteElo "1596"]
[BlackElo "2021"]
[PlyCount "108"]
[EventDate "2016.09.01"]
[EventType "swiss"]
[EventRounds "7"]
[EventCountry "GER"]
[SourceTitle "EXT 2018"]
[Source "ChessBase"]
[SourceDate "2017.10.13"]
[SourceVersion "1"]
[SourceVersionDate "2017.10.13"]
[SourceQuality "1"]

1. g4 d5 2. e3 c6 3. d4 Nf6 4. h3 h5 5. g5 Ne4 6. h4 g6 7. Ne2 Qc7 8. Nd2 Bf5 9. Bg2 Nd6 10. Ng3 Bg4 11. Bf3 Nf5 12. Nxf5 Bxf5 13. c3 Nd7 14. Qe2 0-0-0 15. c4 dxc4 16. Nxc4 e5 17. d5 cxd5 18. Bxd5 Bb4+ 19. Bd2 Bxd2+ 20. Qxd2 Nc5 21. Rc1 Nd3+ 22. Ke2 Kb8 23. e4 Bxe4 24. Bxe4 Nf4+ 25. Qxf4 exf4 26. f3 Rhe8 27. b3 Qc5 28. Rhd1 Rxd1 29. Rxd1 Rxe4+ 30. fxe4 a6 31. Rd3 Qg1 32. Rf3 Qg2+ 33. Rf2 Qxe4+ 34. Kf1 Qh1+ 35. Ke2 Qe4+ 36. Kf1 Ka7 37. Nd2 Qh1+ 38. Ke2 Qxh4 39. Nf3 Qg4 40. Kf1 Qe6 41. Ne1 Qe5 42. Nf3 Qd5 43. Kg2 Qf5 44. Kf1 Qg4 45. Ke2 h4 46. Kf1 h3 47. Ke1 Kb6 48. Kf1 Qf5 49. Kg1 Kc5 50. Kf1 Kd5 51. Re2 Qb1+ 52. Ne1 f3 53. Rd2+ Ke4 54. Kf2 h2 0-1

[Event "Goch op 23rd"]
[Site "Goch"]
[Date "2012.09.02"]
[Round "6"]
[White "Coellen, Dieter"]
[Black "Tanz, Manfred"]
[Result "0-1"]
[WhiteElo "1373"]
[BlackElo "1619"]
[PlyCount "68"]
[EventDate "2012.08.30"]
[EventType "swiss"]
[EventRounds "7"]
[EventCountry "GER"]
[SourceTitle "EXT 2015"]
[Source "ChessBase"]
[SourceDate "2014.11.20"]
[SourceVersion "1"]
[SourceVersionDate "2014.11.20"]
[SourceQuality "1"]

1. d4 d5 2. c4 c6 3. Nf3 Bf5 4. Nc3 Nf6 5. e3 e6 6. Be2 Be7 7. h3 Ne4 8. 0-0 0-0 9. cxd5 cxd5 10. Nxe4 Bxe4 11. Ne5 Nd7 12. Nd3 Nf6 13. Bd2 h6 14. b4 a6 15. Nc5 Bxc5 16. bxc5 Bh7 17. Qa4 Ne4 18. Ba5 Qg5 19. Qd7 Bf5 20. Bg4 Bxg4 21. hxg4 Nf6 22. Qxb7 Nxg4 23. Bc7 Rfe8 24. Bd6 f6 25. Rab1 Kh8 26. Rb6 e5 27. Rxa6 Qh5 28. Rb1 Rxa6 29. Qxa6 Qh2+ 30. Kf1 Qh1+ 31. Ke2 Qxb1 32. dxe5 Qc2+ 33. Ke1 Qxf2+ 34. Kd1 Nxe3+ 0-1

[Event "Solingen Karneval op"]
[Site "Solingen"]
[Date "2011.03.04"]
[Round "1"]
[White "Tanz, Manfred"]
[Black "Ommer, Walter"]
[Result "0-1"]
[WhiteElo "1646"]
[BlackElo "2071"]
[PlyCount "90"]
[EventDate "2011.03.04"]
[EventType "swiss"]
[EventRounds "5"]
[EventCountry "GER"]
[SourceTitle "EXT 2015"]
[Source "ChessBase"]
[SourceDate "2014.11.20"]
[SourceVersion "1"]
[SourceVersionDate "2014.11.20"]
[SourceQuality "1"]

1. d4 d5 2. Nf3 Nf6 3. g3 g6 4. Bg2 Bg7 5. 0-0 0-0 6. c3 Re8 7. Bf4 Nh5 8. Bg5 h6 9. Bc1 Nc6 10. b4 a6 11. a4 e5 12. e3 e4 13. Ne1 Nf6 14. Ra2 Bg4 15. f3 exf3 16. Nxf3 Qd7 17. Nbd2 Rxe3 18. Nb3 Rxc3 19. Nc5 Qc8 20. Bd2 Rc4 21. Be1 Nxd4 22. Qd3 Bf5 23. Qa3 Nc2 24. Qb3 Rxb4 25. Bxb4 b6 26. Nd3 Bxd3 27. Rxc2 Bxc2 28. Qxc2 c5 29. Be1 Ne4 30. Nd2 f5 31. Nxe4 fxe4 32. Qb3 Qe6 33. Bf2 Kh7 34. Re1 Re8 35. Be3 Qc6 36. Qc2 Rc8 37. Bf2 b5 38. axb5 axb5 39. Be3 c4 40. Rf1 Qe6 41. Rf4 b4 42. Rh4 b3 43. Qd1 Ra8 44. Bh3 Qe5 45. Qf1 Ra1 0-1